000 00322nam a22001457a 4500
008 230321b ||||| |||| 00| 0 eng d
020 _a9780316102292
041 _aeng
080 _a159.9
082 _a159.9BLY
100 _a25
101 _aPSI
245 _aTHOUGHTSON CRAFT OF FICTION
_cBLYTHE W
942 _2udc
_cBK
999 _c59416
_d59416